| 000 | 00843nam0a22002531 4500 | ||
|---|---|---|---|
| 001 | rc\2231545 | ||
| 005 | 20250622215237.0 | ||
| 035 | _a(NLR Aleph) 006435621 | ||
| 090 |
_a5590478 _c5590478 |
||
| 100 | _a20091216d1978 |||y0rusy50 ca | ||
| 101 | 0 | _arus | |
| 102 | _aRU | ||
| 105 | _aa z ||||| | ||
| 200 | 1 |
_aТорф и его переработка _e[Сб. статей] |
|
| 210 |
_aЛенинград _cВНИИ торф. пром-сти _d1978 |
||
| 215 |
_a135 с. _cил. _d21 |
||
| 225 | 1 |
_aТруды ВНИИТП _fВНИИ торф. пром-сти _vВып. 41 |
|
| 300 | _aВ надзаг. также: М-во топлив. пром-сти РСФСР | ||
| 320 | _aБиблиогр. в конце статей | ||
| 801 | 1 |
_aRU _bELAR _2rusmarc |
|
| 801 | 0 |
_aRU _bNLR _gpsbo |
|
| 852 |
_aNLR _jП10/968 |
||
| 942 | _cBOOK | ||
| 980 | _aNB | ||